|
|
|
|
| LEADER |
00777nam a2200205 a 4500 |
| 001 |
GR-MES6869 |
| 008 |
000413s xxk 000 0 gre d |
| 020 |
|
|
|a 0192891618
|
| 040 |
|
|
|a GrPaTEI
|b gre
|c GR-PaULI
|
| 040 |
|
|
|a GrPaTEI
|b gre
|c GR-PaULI
|
| 245 |
0 |
4 |
|a The english language /
|c Robert Burchfield.
|
| 260 |
|
|
|a Oxford :
|b Oxford university,
|c 1986
|
| 300 |
|
|
|a 193 σελ.
|
| 500 |
|
|
|a βιβλιογραφια:σελ(187-189)
|
| 650 |
|
4 |
|a ΑΓΓΛΙΚΗ ΓΛΩΣΣΑ
|
| 700 |
0 |
|
|a BURCHFIELD,ROBERT
|
| 942 |
|
|
|2 ddc
|
| 952 |
|
|
|0 0
|1 0
|2 ddc
|4 0
|6 420_000000000000000_BUR
|7 0
|9 277201
|a MSLG
|b MSLG
|c BSC
|d 2021-01-17
|e 24
|f 0
|g 0.00
|l 0
|o 420 BUR
|p 2420000015932
|r 2021-01-17 00:00:00
|t 1
|w 2021-01-17
|y BK15
|x 20000413 0 1
|x GrPaTEI
|
| 971 |
|
|
|a .b25853387
|b 15-04-20
|c 14-09-16
|
| 999 |
|
|
|c 161030
|d 161030
|